Szczegóły MARC21

Encyklopedia : religie świata /

003 -Nazwa inst., której nr kontr. jest w polu 001 [,]
    • @
    • Nazwa instytucji, której n kontrolny jest w polu 001
    • NUKAT
005 -DATA I CZAS OSTATNIEJ MODYFIKACJI [,]
    • @
    • pole kontrolne
    • 20251001180815.0
020 -Międzynarod. znormalizowany nr książki - ISBN [ , ]
    • a
    • Numer ISBN
    • 8389651963 Find
    • q
    • Dopowiedzenie
    • Kraków
020 -Międzynarod. znormalizowany nr książki - ISBN [ , ]
    • a
    • Numer ISBN
    • 8498192218 Find
    • q
    • Dopowiedzenie
    • Madryt
040 -Instytucja sporządzająca opis [ , ]
    • a
    • Instytucja, która sporządziła opis (NP)
    • KIEL 010/TC
    • c
    • Instytucja, która sporządziła rekord (NP)
    • KIEL 010/TC
    • d
    • Instytucja, która zmodyfikowała rekord (P)
    • KIEL 010/TC
    • d
    • Instytucja, która zmodyfikowała rekord (P)
    • KIEL 010/EAs
    • d
    • Instytucja, która zmodyfikowała rekord (P)
    • WR U/dl
942 -Rodzaj dokumentu [ , ]
    • c
    • Rodzaj dokumentu
    • Książka
245 -Strefa tytułu i oznaczenia odpowiedzialności [0,0]
    • a
    • Tytuł
    • Encyklopedia : Find
    • b
    • Ciąg dalszy tytułu (NP)
    • religie świata / Find
    • c
    • Pozostałe elementy strefy tytułu i oznaczenia odpowiedzialności (NP)
    • hasła encyklopedyczne oprac. przez Wydawnictwo Naukowe PWN.
246 -Wariant tytułu [1,3]
    • a
    • Tytuł (NP)
    • Encyklopedia Gazety Wyborczej
246 -Wariant tytułu [3,0]
    • a
    • Tytuł (NP)
    • Religie świata :
    • b
    • Ciąg dalszy tytułu (NP)
    • encyklopedia
260 -Strefa adresu wydawniczego [ , ]
    • a
    • Miejsce wydania (P)
    • Kraków :
    • b
    • Nazwa wydawcy (P)
    • Mediasat Poland ;
    • a
    • Miejsce wydania (P)
    • [Madryt] :
    • b
    • Nazwa wydawcy (P)
    • Mediasat Group,
    • c
    • Data wydania (P)
    • [2005].
300 -Strefa opisu fizycznego [ , ]
    • a
    • Określenie formy książki i/lub objętość (NP)
    • 928 s. :
    • b
    • Oznaczenie ilustracji (NP)
    • il., faks., mapy, pl., portr. ;
    • c
    • Format (NP)
    • 23 cm.
336 -Typ zawartości [ , ]
    • a
    • Termin opisujący typ zawartości
    • Tekst
    • b
    • Kod określający zawartość
    • txt
    • 2
    • Źródło (terminu i kodu)
    • rdacontent
337 -Typ mediów [ , ]
    • a
    • Tryb odtwarzania
    • Bez urządzenia pośredniczącego
    • b
    • Kod typu mediów
    • n
    • 2
    • Źródło (terminu i kodu)
    • rdamedia
338 -Typ/rodzaj nośnika [ , ]
    • a
    • Hasło opisujące typ nośnika
    • Wolumin
    • b
    • Kod typu nośnika
    • nc
    • 2
    • Źródło (terminu i kodu)
    • rdacarrier
500 -Uwaga ogólna [ , ]
    • a
    • Uwaga ogólna (NP)
    • U dołu s. tyt. oraz na s. red: "Encyklopedia Gazety Wyborczej".
500 -Uwaga ogólna [ , ]
    • a
    • Uwaga ogólna (NP)
    • Stanowi uzupełnienie Encyklopedii Gazety Wyborczej. T. 1-20.
500 -Uwaga ogólna [ , ]
    • a
    • Uwaga ogólna (NP)
    • Zawiera suplement Gazety Wyborczej przygotowany przez zespół redakcyjny Juliusz Rawicz [et al.] poświęcony w całości życiu i nauczaniu Jana Pawła II.
080 -Uniwersalna Klasyfikacja Dziesiętna [ , ]
    • a
    • Symbol klasyfikacji
    • 2(038)
080 -Uniwersalna Klasyfikacja Dziesiętna [ , ]
    • a
    • Symbol klasyfikacji
    • +29(038)
650 -Hasło przedmiotowe [ ,7]
    • a
    • Hasło przedmiotowe
    • Religie
    • v
    • Określnik formalny
    • encyklopedie.
    • 2
    • Źródło terminu
    • kaba
    • 9
    • KHW
    • 379086
980 -Symbol UKD [ , ]
    • a
    • UKD
    • 2+29](038)
700 -Hasło dodatkowe - nazwa osobowa [1, ]
    • a
    • Nazwa osobowa (NP)
    • Rawicz, Juliusz Find
    • d
    • Daty biograficzne (NP)
    • (1938-2013).
    • e
    • Określenie rodzaju współpracy
    • Red.
    • 9
    • KHW
    • 607894
710 -Hasło dodatkowe - nazwa ciała zbiorowego [2, ]
    • a
    • Nazwa ciała zbiorowego lub nazwa geograficzna jako pierwszy element (NP)
    • Wydawnictwo Naukowe PWN.
    • 9
    • KHW
    • 52648
920 -ISBN [ , ]
    • a
    • ISBN
    • 83-89651-96-3 Find
    • q
    • Dopowiedzenie
    • Kraków
920 -ISBN [ , ]
    • a
    • ISBN
    • 84-9819-221-8 Find
    • q
    • Dopowiedzenie
    • Madryt
Lokalizacja Data inwentaryzacji Numer inwentarzowy Status udost.
BG2006-01-09Z.1055981
BNS2006-01-09H.139871
T2006-01-09T.8912-2